Quizzes
Events
Quiz Creation
Community
Videos
Private Events
Remove Ads
Sign In
Join for FREE
Feedback
Dark Mode
Quiz Categories
Sports
Geography
Music
Movies
Television
Just For Fun
Miscellaneous
History
Literature
Language
Science
Gaming
Entertainment
Religion
Holiday
For Kids
Quiz Lab
Recent
Popular Today
Quiz Kudos Today
Editor Picks
Curator Picks
Quizzes by...
Day
Popularity
Type
Ratings
Length
Year
Community
Subscriptions
Recent Discussions
Orange Saloon
Badges
Playlists
Quests
Create
Leaderboards
Showdown
Live 5
Trivia Bingo
Activity
Puzzle Library
Sporcle Events
Private Events
Virtual Trivia
Globe League
Become a Host
Pub Owners
SporcleCon
Opinionation
Our Games
Videos
Blog
Mobile Apps
Partnerships
Remove Ads and Go Orange
Feedback
Music
Pop Music
The Beatles
Song
Album
Lyrics
Bands
Singers
Artist
Clip
Rock
Rap
Classical
Billboard
Country Music
Kpop
Taylor Swift
Music
Pop Music
The Beatles
Song
Album
Lyrics
Bands
Singers
Artist
Clip
Rock
Rap
Classical
Billboard
Country Music
Kpop
Taylor Swift
Random Quiz
Search Sporcle
×
Quiz Lab
Quiz Lab
Music
Song
Type in answers that appear in a list
Type in answers that appear in a list
Classic
Best Score? Go Orange.
Bob Dylan Songs of the 60's Stats
Can you name the Bob Dylan Songs of the 60's?
By
metalspringpro
16m
107 Questions
418 Plays
418 Plays
418 Plays
Comments
Comments
Give Quiz Kudos
Give Quiz Kudos
-
- Ratings
hide this ad
Replay
Link that replays current quiz
Next Quiz
Link to next quiz in quiz playlist
You Got
0%
They Got
Avg Score
83%
Avg Friend Score
Upgrade to see
Score Distribution
Jump to the score distribution portion of the page
Score
0/107
Timer
16:00
0
Plays Today
% Correct
Blowin' in the Wind
96.7%
The Times They Are A-Changin'
96.4%
Like a Rolling Stone
94.5%
Song to Woody
94%
Bob Dylan's Dream
93.5%
Highway 61 Revisited
93.5%
Girl from the North Country
93.3%
Visions of Johanna
93.3%
Girl from the North Country
93.3%
Rainy Day Women #12 & 35
93.1%
It Ain't Me Babe
92.8%
Mr. Tambourine Man
92.8%
Subterranean Homesick Blues
92.6%
Positively 4th Street
92.6%
Just Like a Woman
91.9%
Stuck Inside of Mobile with the Memphis Blues Again
91.6%
Bob Dylan's 115th Dream
91.4%
Desolation Row
91.4%
All Along the Watchtower
91.1%
A Hard Rain's A-Gonna Fall
90.9%
Tombstone Blues
90.9%
Ballad of a Thin Man
90.9%
I Want You
90.9%
It's All Over Now Baby Blue
90.7%
Queen Jane Approximately
90.7%
Masters of War
90.4%
The Lonesome Death of Hattie Carroll
90.4%
Sad Eyed Lady of the Lowlands
90%
Leopard-Skin Pill-Box Hat
89.7%
Love Minus Zero/No Limit
89.2%
Don't Think Twice, It's All Right
89%
When the Ship Comes In
89%
John Wesley Harding
89%
Maggie's Farm
88.8%
It's Alright Ma (I'm Only Bleeding)
88.8%
Just Like Tom Thumb's Blues
88.8%
% Correct
Boots of Spanish Leather
88.5%
She Belongs to Me
88.5%
Bob Dylan's Blues
88.3%
All I Really Want to Do
88%
Gates of Eden
87.8%
Chimes of Freedom
87.6%
Talkin' New York
87.1%
From a Buick 6
87.1%
Lay Lady Lay
87.1%
My Back Pages
86.4%
House of the Risin' Sun
86.1%
I Shall Be Free
85.9%
It Takes a Lot to Laugh, it Takes a Train to Cry
85.9%
To Ramona
85.2%
Corrina, Corrina
84.7%
Pledging My Time
84.7%
4th Time Around
84.7%
Nashville Skyline Rag
84.4%
Motorpsycho Nitemare
84.2%
Talking World War III Blues
84%
Absolutely Sweet Marie
84%
Obviously 5 Believers
84%
Oxford Town
83.7%
The Ballad of Hollis Brown
83.5%
Baby, Let Me Follow You Down
83%
Ballad in Plain D
83%
With God on Our Side
82.8%
Man of Constant Sorrow
82.5%
Black Crow Blues
82.5%
On the Road Again
82.5%
Can You Please Crawl Out Your Window?
82.5%
See that My Grave is Kept Clean
82.3%
Tonight I'll Be Staying Here
82.1%
You're No Good
81.8%
Only a Pawn in Their Game
81.8%
Spanish Harlem Incident
81.8%
% Correct
Pretty Peggy-O
81.1%
Temporary Like Achilles
80.6%
Country Pie
80.1%
I Don't Believe You (She Acts Like We Have Never Met)
79.9%
Outlaw Blues
79.9%
Highway 51 Blues
79.2%
Restless Farewell
79.2%
Most Likely You Go Your Way (And I'll Go Mine)
79.2%
I Shall Be Free No. 10
77.3%
The Ballad of Frankie Lee and Judas Priest
77.3%
Fixin' to Die
77%
I'll Be Your Baby Tonight
77%
In My Time of Dyin'
76.8%
One of Us Must Know (Sooner or Later)
76.8%
North Country Blues
76.6%
Honey, Just Allow Me One More Chance
76.3%
I Threw it All Away
76.1%
I Pity the Poor Immigrant
75.4%
Down Along the Cove
74.2%
Gospel Plow
73.9%
Dear Landlord
73.9%
Peggy Day
73.7%
I Dreamed I Saw St. Augustine
73.4%
I Am a Lonesome Hobo
72.7%
One Too Many Mornings
72.5%
Mixed-Up Confusion
72.2%
Down the Highway
72%
As I Went Out One Morning
71.3%
Drifter's Escape
67.5%
Freight Train Blues
67%
If You Gotta Go, Go Now (Or Else You Got to Stay All Night)
66.7%
Wicked Messenger
66.3%
To Be Alone with You
66%
Tell Me That it Isn't True
65.8%
One More Night
63.6%
Quiz Playlist
Details
Report
Send in Message
Add To Playlist
Classic:
Type in answers that appear in a list
Last Updated: Feb 16, 2017
Quiz Scoreboard
CHALLENGE
Sign Up to Join the Scoreboard
Show All
Scores
Hide
Comments
May contain spoilers
Recently Published
Presidents Visiting Landmarks
by Hejman
History
7m
An Introduction to Baseball
by treessimontrees
Sports
5m
Movies - When Are They Set?
by FPL_Elf
Movies
5m
More to Explore
Quiz From the Vault
Featured Blog Post
Where Did the Easter Bunny Come From?
hide this ad
You Might Also Like...
Tags
Album Quiz
Song Quiz
Bob Dylan
Song List
Today's Top Quizzes in Music
Browse Music
hide this ad
Today's Top Quizzes in Song
Browse Song
Top Contributed Quizzes in Music
1
Taylor Swift All Songs (2024)
2
Guess the Artist- 70s Songs
3
Taylor Swift Logic Puzzle
4
KPOP LOGIC QUIZ
5
One Thing in Common: Music
6
2010s Album by Cover III
7
7-to-1: Billboard Hot 100 #1 Hits of 2010s
8
Guess the Taylor Swift song (Mystery Song)
9
Sorting Albums and Songs
10
2000s Album Cover Bunker
Explore More
Trending Topics
Harry Potter
Crossword
Disney
Kpop
NBA
Anime
Marvel
Country
The Office
WWE
Pokémon
Puzzle
NFL
Song
Soccer
hide this ad
More By:
metalspringpro
Quiz
Plays
Rating
Category
Featured
Created
Bob Dylan Songs of the 80's
530
5.00
Music
Jul 1, 2011
Bob Dylan Songs of the 70's
517
5.00
Music
Jul 1, 2011
Bob Dylan Songs of the 60's
418
5.00
Music
Jun 30, 2011
Bob Dylan Songs of the 2000's
321
5.00
Music
Jun 30, 2011
Bob Dylan Songs of the 90's
299
5.00
Music
Jun 29, 2011
Go to Creator's Profile
Score Distribution
Quiz Creator Spotlight
metalspringpro
Follow
Send a Message
Quizzes Created
-
Created Quiz Play Count
-
More By This Creator
Popular Quizzes Today
1
Find the US States - No Outlines Minefield
2
Find the Countries of Europe - No Outlines Minefield
3
The Countries of the World
4
Find the US States
5
Popular People in 1961
6
US States
7
Risky Map Clicking: Biggest States A-Z
8
Movies - When Are They Set?
More Music Quizzes
Is the Artist From Where its Name/Song Suggests?
Curator's Pick
Trending Quizzes
Risky Map Clicking: Least Populous States A-Z
1-10 Letter G Words
1-10 Letter F Words
Risky Map Clicking: Next State Alphabetically
Risky Map Clicking: Biggest States A-Z
Recently Updated
Leaping Animals
pecheneg
Reality TV Shows (A-Z)
bhenderson79
Rickey Henderson's Hall of Fame Teammates
pecheneg
Champions League XIs: Arsenal
pecheneg
Quick Pick: Celebrities in WWE's Hall of Fame
aduchscher
A-Z Keypad Blitz II
pecheneg
Multiple Oscar Actors
pecheneg
Mystery Phrase Blitz: Oscar 'Best Actors'
pecheneg
F. Scott Fitzgerald Novels
LTH
Pick 3 Villains
ddd62291
Trending Topics
Disney
Harry Potter
Marvel
Crossword
NBA
Anime
Kpop
Country
Song
WWE
The Office
Pokémon
NFL
Soccer
Puzzle
Your Account Isn't Verified!
In order to create a playlist on Sporcle, you need to verify the email address you used during registration. Go to your
Sporcle Settings
to finish the process.
Report this User
Report this user for behavior that violates our
Community Guidelines
.
Details:
Send Report
Go to the Sporcle.com Mobile Site →
Comments